Statistics for Capital Cities That Begin With Same 3 Letters As Their Country In Same Order

Click here to take the quiz!

General Stats

  • This quiz has been taken 41 times
    (10 since last reset)
  • The average score is 12 of 18

Answer Stats

Answer% Correct
Kuwait City
100%
Monaco
88%
Algiers
75%
Andorra La Vella
75%
Djibouti
75%
Guatemala City
75%
Mexico City
75%
San Marino
75%
Singapore
75%
Tunis
75%
Vatican City
75%
Belmopan
63%
Brasilia
63%
Luxembourg
63%
Panama City
63%
Male
50%
Taipei
38%
Sao Tome
25%

Score Distribution

Percentile by Number Answered

Percent of People with Each Score

Your Score History

You have not taken this quiz since the last reset